BIBLIOTHÈQUE DE LA MAISON DU MEXIQUE

Logo 1 Logo 2

Arte y trama en el cuento indígena (notice nᵒ 8807)

détails MARC
000 -Sello discográfico
campo de control de longitud fija 00993nam a2200325 4500
005 - Identificación de versión
campo de control 20251016085056.0
010 ## - Número Estándar Internacional de Libros (ISBN)
Número (ISBN) 968-16-5615-6
035 ## - Otros números de control del sistema
Número de control del sistema 29691
099 ## - fechas locales
Tipo de ítem Koha LIBRO
100 ## - Datos de procesamiento general
Datos de procesamiento general 20021205d19991998m y1spay5003 ba
105 ## - Campo de datos codificados: Material textual, monográfico
Datos codificados de monografía y 001ay
200 1# - Título y mención de responsabilidad
Título propio Arte y trama en el cuento indígena
Designación general del material texto impreso
Primer mención de responsabilidad Carlos Montemayor
205 ## - Declaración de edición
Declaración de edición 1a reimpr de la 1a ed
210 ## - Publicación, distribución, etc.
Lugar de publicación, distribución, etc. México
Nombre del editor, distribuidor, etc. Fondo de Cultura Económica
Fecha de publicación, distribución, etc. 1999
215 ## - Descripción física
Designación de material específico y extensión del ítem 143 p
Dimensiones 21 cm
300 ## - Notas generales
Texto de la nota Incluye bibliografías
345 ## - Nota de información de adquisición
Fuente de adquisición/dirección de la suscripción [OBSOLETO] Donación
410 #1 - Series
Título Sección de Obras de Antropología
606 ## - Término temático usado como materia
Elemento de entrada Cuentos
Subdivisión temática Historia y crítica
Subdivisión geográfica México
Número Koha 14874
606 ## - Término temático usado como materia
Elemento de entrada Indios de México
Subdivisión temática Folklore
Número Koha 14875
660 ## - Código de área geográfica
Código MX
700 ## - Nombre personal - Responsabilidad primaria
Elemento de entrada Montemayor Romo de Vivar
Parte del nombre distinta del elemento de entrada Carlos
Fechas 1947-2010
Número Koha 646
801 #0 - Fuente de origen
Agencia cm
900 ## -
-- 1/3127
900 ## -
-- 7100214917\051202
942 ## - ELEMENTOS DE ENTRADA SECUNDARIOS (KOHA)
Tipo de ítem Koha Livre
996 ## -
-- MEX
-- 751145101
-- MMAG
-- 008808
-- 897 M777A
-- 20231020LIV
Exemplaires
Estatus retirado Estado de daño Estado de pérdida Fecha de adquisición Biblioteca de origen Biblioteca actual Ubicación en estantería Código de barras Precio de reemplazo Signatura topográfica completa No para préstamo Tipo de ítem Koha Nota pública Nota no pública
      05/08/2025 Casa México Paris Casa México Paris   008808 05/08/2025 897 M777A   Livre 20231020LIV 751145101